Selamatkan Kaum Penan

Bibliographic Details
Main Author: Khaidir Ahmad
Format: Book
Published: Kuala Lumpur : Berita Publishing , 1993
Subjects:

MARC

LEADER 00000cam a2200000 7i4500
001 0000004677
002 000005045
005 20080513.0
020 |a 9679693082 
090 0 0 |a 306.089992305922   |b KHA 
100 0 |a Khaidir Ahmad 
245 1 0 |a Selamatkan Kaum Penan   |c Khaidir Ahmad 
260 |a Kuala Lumpur :   |b Berita Publishing ,   |c 1993 
300 |a 154p. ;   |c 23cm. 
650 0 0 |a Logging   |z Sarawak 
650 0 0 |a Penan (Bornean People)   |x Social life and customs 
650 0 0 |a Rain forest   |z Sarawak 
999 |a 032702   |b BUKU   |c MALAYSIANA   |e PERPUSTAKAAN KOMUNITI PETALING JAYA 
999 |a 032703   |b BUKU   |c MALAYSIANA   |e PERPUSTAKAAN KOMUNITI PETALING JAYA